000 00584nam a22002057a 4500
001 2999
003 BD-DhBUF
005 20260208130425.0
008 260208b bg ||||| |||| 00| 0 ben d
020 _a0131854615
040 _aBD-DhBUF
_cBD-DhBUF
100 _aTurban, Efraim
_94332
245 _aElectronic commerce :
_ba managerial perspective /
_c Efraim Turban,
260 _aNew Jersey :
_bPearson /Prentice Hall,
_cc-2006.
300 _axxxi, 792p. :
_c21cm. ;
526 _aEEE
650 _aElectronic commerce
650 _aElectronic commerce-Management
942 _2ddc
_cBK
999 _c2999
_d2999